[Event "NRW Class1 0405"]
[Site "Germany"]
[Date "2005.04.03"]
[Round "8.5"]
[White "Hoffmeister, Christian"]
[Black "Rehberg, Raphael"]
[Result "1/2-1/2"]
[WhiteElo "1901"]
[BlackElo "2164"]
[PlyCount "37"]
[EventDate "2004.10.10"]
[EventType "team"]
[EventRounds "9"]
[EventCountry "GER"]
[SourceTitle "EXT 2006"]
[Source "ChessBase"]
[SourceDate "2005.11.24"]
[SourceVersion "1"]
[SourceVersionDate "2005.11.24"]
[SourceQuality "1"]
[WhiteTeam "Elberfeld"]
[BlackTeam "Lippstadt Turm"]
[WhiteTeamCountry "GER"]
[BlackTeamCountry "GER"]

1. e4 c5 2. Nc3 Nc6 3. g3 g6 4. Bg2 Bg7 5. d3 d6 6. f4 e6 7. Nf3 Nge7 8. 0-0 0-0 9. g4 f5 10. h3 Rb8 11. Ne2 b5 12. c3 a5 13. Qe1 Ba6 14. Ng5 Qd7 15. exf5 exf5 16. Ng3 Rf6 17. gxf5 Nxf5 18. Nxf5 Rxf5 19. Be4 1/2-1/2

[Event "Oberliga NRW 0102 I"]
[Site "Germany"]
[Date "2001.11.11"]
[Round "3.7"]
[White "Hoffmeister, Christian"]
[Black "Schlehoefer, Ralf"]
[Result "1/2-1/2"]
[WhiteElo "1917"]
[BlackElo "2306"]
[PlyCount "38"]
[EventDate "2001.10.??"]
[EventType "team"]
[EventRounds "9"]
[EventCountry "GER"]
[SourceTitle "EXT 2004"]
[Source "ChessBase"]
[SourceDate "2003.11.25"]
[SourceVersion "1"]
[SourceVersionDate "2003.11.25"]
[SourceQuality "1"]
[WhiteTeam "Elberfeld"]
[BlackTeam "Muelheim Nord"]
[WhiteTeamCountry "GER"]
[BlackTeamCountry "GER"]

1. e4 e5 2. Nf3 Nc6 3. d4 exd4 4. c3 dxc3 5. Nxc3 Bb4 6. Bc4 d6 7. 0-0 Bxc3 8. bxc3 Be6 9. Bxe6 fxe6 10. Qb3 Qd7 11. Qxb7 Rb8 12. Qa6 Nf6 13. e5 Nd5 14. exd6 cxd6 15. Qd3 0-0 16. Re1 Qf7 17. Re2 Qf5 18. Qxf5 exf5 19. Ba3 Rfe8 1/2-1/2